Process Efficiency Analysis of Selected Automotive Companies in Europe
Príspevok analyzuje ekonomickú situáciu piatich výrobcov automobilov, z ktorých dvaja majú svoje továrne v Českej republike a traja v Nemecku. Úlohou bolo zistiť efektívnosť jednotlivých spoločností s cieľom navrhnúť možné zlepšenia. Použitie analýzy dátovej obálky.
Guardado en:
| Autor principal: | |
|---|---|
| Otros Autores: | , |
| Formato: | Capítulo de libro |
| Lenguaje: | inglés |
| Materias: | |
| Etiquetas: |
Sin Etiquetas, Sea el primero en etiquetar este registro!
|
MARC
| LEADER | 00000naa a2200000 4500 | ||
|---|---|---|---|
| 001 | 0269098 | ||
| 005 | 20201009085201.2 | ||
| 041 | 0 | |a eng | |
| 044 | |a SK | ||
| 245 | 1 | 0 | |a Process Efficiency Analysis of Selected Automotive Companies in Europe |c Kveta Papousková, Martin Telecký, Jiří Cejka |
| 520 | |a Príspevok analyzuje ekonomickú situáciu piatich výrobcov automobilov, z ktorých dvaja majú svoje továrne v Českej republike a traja v Nemecku. Úlohou bolo zistiť efektívnosť jednotlivých spoločností s cieľom navrhnúť možné zlepšenia. Použitie analýzy dátovej obálky. | ||
| 610 | 2 | 0 | |a analýza dát |
| 610 | 2 | 0 | |a priemysel automobilový |
| 610 | 2 | 0 | |a analýza korelačná |
| 610 | 2 | 0 | |a efektívnosť |
| 100 | 1 | |a Papousková, Kveta | |
| 700 | 1 | |a Telecký, Martin | |
| 700 | 1 | |a Cejka, Jiří | |